Central Library OPAC University of Rajshahi

After Kilvert / (Record no. 34077)

MARC details
000 -LEADER
fixed length control field 01085nam a2200325 i 4500
001 - CONTROL NUMBER
control field 34077
003 - CONTROL NUMBER IDENTIFIER
rucl marc code BD-RjUL
005 - DATE AND TIME OF LATEST TRANSACTION
control field 20211209052113.0
008 - FIXED-LENGTH DATA ELEMENTS--GENERAL INFORMATION
fixed length control field 140514s1978 enka 001 0aeng
020 ## - INTERNATIONAL STANDARD BOOK NUMBER
International Standard Book Number 0192117483 :
035 ## - SYSTEM CONTROL NUMBER
System control number (BD-RjUL)34171
040 ## - CATALOGING SOURCE
Original cataloging agency DLC
Transcribing agency DLC
Modifying agency DLC
-- BD-RjUL
Language of cataloging eng
041 ## - LANGUAGE CODE
Language code of text/sound track or separate title eng
082 00 - DEWEY DECIMAL CLASSIFICATION NUMBER
Classification number 941.08
Author mark and year LEA 1978
100 1# - MAIN ENTRY--PERSONAL NAME
Personal name Le Quesne, A. L.
Fuller form of name (A. Laurence)
9 (RLIN) 103571
245 10 - TITLE STATEMENT
Title After Kilvert /
Statement of responsibility, etc. A. L. Le Quesne.
260 ## - PUBLICATION, DISTRIBUTION, ETC. (IMPRINT)
Place of publication, distribution, etc. Oxford, Eng. ;
-- New York :
Name of publisher, distributor, etc. Oxford University Press,
Date of publication, distribution, etc. 1978.
300 ## - PHYSICAL DESCRIPTION
Pagination ix, 233 p. :
Illustrations ill. ;
Size 23 cm.
504 ## - BIBLIOGRAPHY, ETC. NOTE
Bibliography, etc Includes index.
600 10 - SUBJECT ADDED ENTRY--PERSONAL NAME
Personal name Kilvert, Robert Francis,
Dates associated with a name 1840-1879.
Personal name Kilvert, Robert Francis,
Dates associated with a name 1840-1879
General subdivision Diaries.
Personal name Le Quesne, A. L.
Fuller form of name (A. Laurence)
610 20 - SUBJECT ADDED ENTRY--CORPORATE NAME
Corporate name or jurisdiction name as entry element Church of England
650 #0 - SUBJECT ADDED ENTRY--TOPICAL TERM
Topical term or geographic name as entry element Country life
Geographic subdivision England
General subdivision History
Chronological subdivision 19th century.
9 (RLIN) 103576
Topical term or geographic name as entry element Clergy
Geographic subdivision England
General subdivision Diaries.
9 (RLIN) 68488
651 #0 - SUBJECT ADDED ENTRY--GEOGRAPHIC NAME
Geographic name Clyro (Wales)
General subdivision Description and travel.
9 (RLIN) 103577
942 ## - ADDED ENTRY ELEMENTS (KOHA)
Source of classification or shelving scheme Dewey Decimal Classification
Koha item type Books
Holdings
Lost status Source of classification or shelving scheme Damaged status Not for loan Collection code Permanent Location Current Location Shelving location Date acquired Source of acquisition Cost, normal purchase price Total Checkouts Full call number Date last seen Copy number Koha item type
  Dewey Decimal Classification   Not For Loan Non-fiction Central Library, University of Rajshahi Central Library, University of Rajshahi Reading Room 24/02/1985 Asia foundation 0.00   941.08 LEA 1978 14/05/2014 C-1 Books